| 000 | 00714nas a2200265 4500 | ||
|---|---|---|---|
| 001 | BR9201029 | ||
| 003 | BR-BrBNA | ||
| 005 | 20231205092336.0 | ||
| 007 | ta | ||
| 008 | 230509b bl.|||p| |||| 00| 00por d | ||
| 040 |
_aBR-BrBNA _bpor _cBiblioteca Nacional de Agricultura |
||
| 041 | _a(Pt) | ||
| 072 | _aL73; L74 | ||
| 100 | 1 | _aNunes, I.J. | |
| 100 | 1 | _aNunes, V.A. | |
| 245 | 1 | _aAvicultura | |
| 650 | _aAVE DOMESTICA | ||
| 650 | _aENCEFALOMIELITE | ||
| 650 | _aINFLAMACAO | ||
| 650 | _aDEFICIENCIA NUTRICIONAL | ||
| 650 | _aENCEFALOMALACIA | ||
| 773 | 0 |
_tCerrado (Brazil) _xISSN 0100-0578 _g(Dec 1969), v. 2(6) p. 4-7 _wBR9201029 |
|
| 909 |
_a202311 _bLúcia _c55 _dLúcia Elande |
||
| 942 |
_2AGRIS _n0 _cANA |
||
| 999 |
_c131054 _d131054 |
||